000 02709nam0a2200469 4500
001 RU\NLR\bibl\990746
005 20260407093325.0
010 _a5-88998-647-3
_9500
021 _aRU
_b2006-39944
_92005
035 _a(nilc)EL/0000073213
035 _aDGPB\BIBL\0000037887
035 _a(NLR Aleph) 000978552
090 _a444341
_c444341
100 _a20060623d2006 |||y0rusy50 ca
101 0 _arus
102 _aRU
105 _aa |||||||||
200 1 _aАвтоматизация расчетов стержневых систем гидротехнического строительства
_eучебное пособие
_e[для студентов сельскохозяйственных высших учебных заведений, обучающихся по специальности 270104 "Гидротехническое строительство"
_fЮж.-Рос. гос. техн. ун-т (Новочеркас. политехн. ин-т), Новочеркас. гос. мелиорат. акад.
_g[В.А. Волосухин и др.]
210 _aРостов-на-Дону
_cЮРГТУ
_d2006
215 _a161 с.
_cил.
_d27
320 _aБиблиогр.: с. 137 (19 назв.)
606 1 _aГидротехнические сооружения
_jУчебные издания для высших учебных заведений
_xСтроительная механика
_92442879
_3RU\NLR\auth\661453137
606 1 _aСтержневые системы
_jУчебные издания для высших учебных заведений
_xРасчет на компьютерах
_92222022
_3RU\NLR\auth\661334187
610 0 _aГидротехническое строительство
_aСтроительство
610 0 _aПроектирование
610 0 _aРасчеты (техн.)
610 0 _aАвтоматизация
610 0 _aПрограммное обеспечение
610 0 _aУчебные издания для вузов
610 0 _aСтержневые системы (гидротехн.)
610 0 _aПрочность
610 0 _aSCAD Office for Windows
686 _a38.77я73
_vLBC/RL
_2rubbk
686 _aН77-02я73-1
702 1 _aВолосухин
_bВ. А.
_gВиктор Алексеевич
_4220
712 0 2 _4570
_aЮжно-Российский государственный технический университет
_cНовочеркасск
_9323762
_3RU\NLR\AUTH\8824498
801 0 _aRU
_bДонская ГПБ
_c20060623
_gRCR
801 1 _aRU
_bДонская ГПБ
_c20060623
_2rusmarc
801 2 _aRU
_bNLR
_c20061003
_grcr
942 _cBOOK
980 _aNB